000 00764nam a2200229Ia 4500
003 OSt
005 20220923212040.0
006 a|||||r|||| 00| 0
007 ta
008 220922b |||||||| |||| 00| 0 hin d
024 _a150,267
037 _cTextual
040 _aARTS
_cARTS
_bhin
041 _2hin
_ahin
082 _a71:M, 152L3
100 _aव्होरा, आशारानी
_9156271
245 0 _aनोबल पुरस्कार विजेता महिलाएं
246 _aNobal puraskār vijetā hinilāean
260 _aदिल्ली
_b राजपाल एण्ड सन्ज़
_c1973
942 _h71:M, 152L3
_cTEXL
_2CC
999 _c305947
_d305947